|
|
|
|
| LEADER |
00000nab a2200000 a 4500 |
| 001 |
vtls000771995 |
| 003 |
SK-MaSNL |
| 005 |
20260305011115.0 |
| 008 |
160314c2001 xo 0 slo |
| 015 |
|
|
|a SNBRB2001/10-30199
|
| 035 |
|
|
|a CLN000123782
|
| 040 |
|
|
|a SNKBUCL
|b slo
|c SNKBUCL
|e AACR2
|
| 041 |
0 |
|
|a slo
|
| 044 |
|
|
|a xo
|c SK
|
| 080 |
|
|
|a 82.09:820 (71)-3(048)
|2 UDC-MRF-SK2
|
| 080 |
|
|
|a 820 (71)-3(048)
|2 UDC-MRF-SK2
|
| 100 |
1 |
|
|a Farkašová, Etela,
|d 1943-
|4 aut
|9 100186
|
| 245 |
1 |
0 |
|a Memento fikcie
|c Etela Farkašová
|
| 300 |
|
|
|b Obr.
|
| 650 |
0 |
7 |
|a kanadské romány
|2 snkbucl
|9 84510
|
| 655 |
|
7 |
|a recenzie
|2 snkbucl
|9 21907
|
| 773 |
0 |
|
|x 1210-1982
|t Knižná revue
|g Roč. 11, č. 20 (2001), s. 7
|
| 787 |
0 |
8 |
|i Rec.:
|a Atwood, Margaret
|t Príbeh služobníčky
|d Bratislava : EPOS, 2001
|
| 850 |
|
|
|a Slovenská národná knižnica v Martine
|
| 852 |
|
|
|a SNK
|b KIS3GCP
|
| 958 |
|
|
|a LX
|
| 958 |
|
|
|a CA
|
| 958 |
|
|
|a RC
|
| 958 |
|
|
|a RBX
|
| 999 |
|
|
|c 3250871
|d 3252801
|